01359cam a22002894a 45000010009000000050017000090080041000260100017000670200035000840400018001190420008001370500019001450820017001641000019001812450085002002600040002853000045003254400013003705000020003835050417004036300022008206500025008427000020008677000020008878560075009078560087009821282564520210414114126.0020620s2002 maua b 001 0 eng  a 2002026487 a0072459042 (pbk. : alk. paper) aDLCcDLCdDLC apcc00aQA76.9.D3 H23300a005.75/62211 aHaag, Stephen.10aMicrosoft Access 2002, complete. /cStephen Haag, James T. Perry, Merrill Wells. aBoston :bMcGraw-Hill/Irwin,c2002. a1 v. (various pagings) :bill. ;c28 cm. 0aI-series aIncludes index. aContents: Understanding relational databases -- Maintaining your database -- Introducting queries, filters, forms and reports -- Compound queries and database utilities -- Customizing forms and reports -- Defining table relationships -- Maintaining databases -- Integrating with other applications -- Using queries to analyse and maintain data -- Automating database tasks -- Using visual basic for applications.00aMicrosoft Access. 0aDatabase management.1 aPerry, James T.1 aWells, Merrill.413Table of contentsuhttp://www.loc.gov/catdir/toc/mh031/2002026487.html423Publisher descriptionuhttp://www.loc.gov/catdir/description/mh024/2002026487.html